|
|
|
|
| LEADER |
00000nam0a2200000 4500 |
| 001 |
239139 |
| 005 |
20231101231644.0 |
| 035 |
|
|
|a (RuTPU)RU\TPU\book\260351
|
| 090 |
|
|
|a 239139
|
| 100 |
|
|
|a 20130604d2013 k y0rusy50 ca
|
| 101 |
0 |
|
|a rus
|
| 102 |
|
|
|a RU
|
| 105 |
|
|
|a y i 000zy
|
| 200 |
1 |
|
|a Итоги по районам преимущественного проживания коренных малочисленных народов Севера (по данным Всероссийской переписи населения 2010 года)
|f Российская Федерация, Федеральная служба государственной статистики (Росстат России) ; Территориальный орган Федеральной службы государственной статистики по Томской области
|
| 210 |
|
|
|a Томск
|c Томскстат-Т
|d 2013
|
| 215 |
|
|
|a 132 с.
|
| 225 |
1 |
|
|a Итоги Всероссийской переписи населения 2010 года
|
| 330 |
|
|
|a Данный статистический бюллетень подготовлен на основе итогов Всероссийской переписи населения 2010 года. В бюллетене содержатся данные о численности населения, мужчин и женщин по однолетним возрастам, распределении мужчин и женщин в возрасте 16 лет и более по возрастным группам, полу и состоянию в браке. Представлены сведения о населении по возрасту и уровню образования, национальном составе, дается распределение населения по источникам средств к существованию, приводится характеристика населения частных домохозяйств, состоящих из двух и более человек, по числу занятых в экономике и числу иждивенцев. Содержится информация о размерах семейных ячеек, среднем размере семьи, а также о жилищных условиях населения.
|
| 606 |
1 |
|
|a Население
|x Перепись 2010 г.
|2 stltpush
|3 (RuTPU)RU\TPU\subj\37727
|
| 606 |
1 |
|
|a Население
|x Национальный состав
|y Россия
|y СССР
|2 stltpush
|3 (RuTPU)RU\TPU\subj\37700
|9 58552
|
| 610 |
1 |
|
|a Всероссийская перепись населения
|
| 610 |
1 |
|
|a Север
|
| 610 |
1 |
|
|a Россия
|
| 610 |
1 |
|
|a коренные народы
|
| 610 |
1 |
|
|a малочисленные народы
|
| 610 |
1 |
|
|a проживание
|
| 610 |
1 |
|
|a возрастной состав
|
| 610 |
1 |
|
|a русский язык
|
| 610 |
1 |
|
|a владение
|
| 610 |
1 |
|
|a статистические материалы
|
| 686 |
|
|
|a С72
|v LBC/SL-A
|2 rubbk
|
| 686 |
|
|
|a С73(2)-23
|v LBC/SL-A
|2 rubbk
|
| 712 |
0 |
1 |
|a Российская Федерация
|b Федеральная служба государственной статистики (Росстат России)
|c (Москва)
|c (2004- )
|2 stltpush
|3 (RuTPU)RU\TPU\col\5662
|
| 712 |
0 |
2 |
|a Территориальный орган Федеральной службы государственной статистики по Томской области
|2 stltpush
|3 (RuTPU)RU\TPU\col\18134
|
| 801 |
|
1 |
|a RU
|b 63413507
|c 20130604
|
| 801 |
|
2 |
|a RU
|b 63413507
|c 20130709
|g RCR
|
| 942 |
|
|
|c BK
|